Statistics for Countries Closest to Chile - 30 Second Sprint

Click here to take the quiz!

General Stats

  • This quiz has been taken 83 times
  • The average score is 11 of 20

Answer Stats

kmcountrymiles% Correct
0Peru0
97%
1088Uruguay676
97%
0Argentina0
94%
0Bolivia0
94%
457Paraguay284
94%
928Brazil577
91%
1746Ecuador1085
85%
1487Colombia924
76%
2069Venezuela1286
70%
2913Panama1810
61%
2595Suriname1612
61%
2391Guyana1486
58%
3212Costa Rica1996
55%
3525Nicaragua2190
30%
3186Trinidad
and Tobago
1980
30%
3472St Vincent and
the Grenadines
2157
12%
3339Aruba2075
6%
3580Barbados2225
6%
3298Curaçao2049
6%
3399Grenada2112
6%

Score Distribution

Percentile by Number Answered

Percent of People with Each Score

Your Score History

You have not taken this quiz